000 00663nam a2200205 a 4500
001 000036284
005 20200930075640.0
008 120112s1971 ag 000 0 spa d
040 _aDO-SdBNP
_bspa
_cBNPHU
240 0 4 _aThe fitness of man´s environment
_lEspañol
245 0 3 _aEl entorno del hombre /
_cJouvenel, Bertrand de ...[et al.].
260 _aBuenos Aires :
_bMarymar,
_c1971.
300 _a252 p. ;
_c22 cm.
500 _aTraducido del idioma inglés
700 1 _aLeal, Aníbal Carlos
_etr.
_946654
700 1 _aGoodman, Paul
_962406
700 1 _aDaijuku, Hiroshi
_962407
700 1 _aDubos, René
_950219
700 1 _aBraunfels, Wolfgang
_962408
999 _c35775
_d35775